| 000 | 00571 a2200217 4500 | ||
|---|---|---|---|
| 005 | 20250112105627.0 | ||
| 008 | 250112b |||||||| |||| 00| 0 eng d | ||
| 020 |
_a9789389688023 _cRs. 650.00 |
||
| 040 | _aMAIN | ||
| 082 |
_a546 _bD26F(3) |
||
| 100 | _aDas, Asim K | ||
| 245 | _aFundamental concepts of inorganic chemistry. V2 | ||
| 250 | _a3rd | ||
| 260 |
_bCBS Publishers and Distributors _c2024 _aNew Delhi |
||
| 300 | _axviii, 682 | ||
| 650 | _aChemistry | ||
| 650 | _aInorganic Chemistry | ||
| 700 | _aDas, Mahua | ||
| 700 | _aDas, Ankita | ||
| 942 | _cBK | ||
| 999 |
_c359513 _d359513 |
||